Countries Denmark Declared War On - Statistics

General Stats
  • This quiz has been taken 109 times
  • The average score is 5 of 7
Answer Stats
Country % Correct
Sweden
100%
England
96%
Norway
93%
Netherlands
77%
Poland
74%
Prussia
69%
Mughal Empire
6%
No matching quizzes found
Score Distribution
Percent of People with Each Score
Percentile by Number Answered
Your Score History
You have not taken this quiz